Pakistan and emerging global trading environment : (Record no. 3447)

000 -LEADER
fixed length control field 00897mam a2200313 a 4500
001 - CONTROL NUMBER
control field 3049657
003 - CONTROL NUMBER IDENTIFIER
control field OSt
005 - DATE AND TIME OF LATEST TRANSACTION
control field 20170105101217.0
008 - FIXED-LENGTH DATA ELEMENTS--GENERAL INFORMATION
fixed length control field 000720s2000 pk b 000 0 eng
010 ## - LIBRARY OF CONGRESS CONTROL NUMBER
LC control number 00282861
025 ## - OVERSEAS ACQUISITION NUMBER
Overseas acquisition number P-E-00282861; 10
035 ## - SYSTEM CONTROL NUMBER
System control number (OCoLC)ocm45493277
035 ## - SYSTEM CONTROL NUMBER
System control number (NNC)3049657
040 ## - CATALOGING SOURCE
Original cataloging agency DLC
Transcribing agency DLC
042 ## - AUTHENTICATION CODE
Authentication code lcode
043 ## - GEOGRAPHIC AREA CODE
Geographic area code a-pk---
050 00 - LIBRARY OF CONGRESS CALL NUMBER
Classification number HF3790.5
Item number .K45 2000
082 00 - DEWEY DECIMAL CLASSIFICATION NUMBER
Classification number 382/.095491
Edition number 21
100 1# - MAIN ENTRY--PERSONAL NAME
Personal name Khan, Ashfaque H.
245 10 - TITLE STATEMENT
Title Pakistan and emerging global trading environment :
Remainder of title challenges and opportunities /
Statement of responsibility, etc. Ashfaque H. Khan, Zafar Mahmood.
260 ## - PUBLICATION, DISTRIBUTION, ETC.
Place of publication, distribution, etc. Lahore :
Name of publisher, distributor, etc. Vanguard,
Date of publication, distribution, etc. 2000.
300 ## - PHYSICAL DESCRIPTION
Extent iii, 218 p. ;
Dimensions 22 cm.
504 ## - BIBLIOGRAPHY, ETC. NOTE
Bibliography, etc. note Includes bibliographical references.
651 #0 - SUBJECT ADDED ENTRY--GEOGRAPHIC NAME
Geographic name Pakistan
General subdivision Commerce.
651 #0 - SUBJECT ADDED ENTRY--GEOGRAPHIC NAME
Geographic name Pakistan
General subdivision Economic policy.
700 1# - ADDED ENTRY--PERSONAL NAME
Personal name Mahmood, Zafar.
942 ## - ADDED ENTRY ELEMENTS (KOHA)
Source of classification or shelving scheme
Koha item type Book
Holdings
Withdrawn status Lost status Source of classification or shelving scheme Damaged status Not for loan Collection code Permanent Location Current Location Shelving location Date acquired Total Checkouts Full call number Barcode Date last seen Date last checked out Price effective from Koha item type
            Central Library (CL) Central Library (CL) General Stacks 06/24/2016 2 382/.095491 KHA S3H-S-781 08/17/2020 03/28/2019 06/24/2016 Book
© 2023 Central Library, National University of Sciences and Technology. All Rights Reserved.